Statistics for Steins;Gate

Click here to take the quiz!

General Stats

  • This quiz has been taken 80 times
  • The average score is 8 of 16

Answer Stats

HintAnswer% Correct
Mad ScientistOkabe Rintaro
87%
ChristinaMakise Kurisu
72%
Number of lab member (Excluding Steins;Gate 0)8
70%
Back to the mail ! (The true name of the mail)D-Mail
70%
Tuturuuu !Shiina Mayuri
66%
In which City does Steins;Gate take place ?Akihabara
48%
Super HaCKerHashida Itaru
48%
John TitorAmane Suzuha
44%
What is the Future Gadget FG204 ?Time Machine
44%
Little toy in gacha machineUpa
43%
Nyaa nyaa !Faris NyanNyan
36%
He is a boy !Urushibara Luka
36%
What is the Name of the best OST in Steins;Gate ?Gate of Steiner
33%
Shining FingerKiryuu Moeka
33%
Yu-gi-oh like in this worldRai-Net
25%
What is the Steins Gate World Line's Number ?1.048596
11%

Score Distribution

Percentile by Number Answered

Percent of People with Each Score

Your Score History

You have not taken this quiz